Catálogo público

Normal view MARC view

Entry Nombre de reunión

Number of records used in: 1

001 - NÚMERO DE CONTROL

  • campo de control: 60132

003 - IDENTIFICADOR DEL NÚMERO DE CONTROL

  • campo de control: OSt

005 - FECHA Y HORA DE LA ÚLTIMA TRANSACCIÓN

  • campo de control: 20220127112158.0

008 - DATOS DE LONGITUD FIJA

  • campo de control de longitud fija: 971020|| aznnnabb| un and |u

040 ## - FUENTE DE LA CATALOGACIÓN

  • Centro catalogador/agencia de origen: OSt
  • Centro/agencia transcriptor: OSt

111 00 - ENCABEZAMIENTO--NOMBRE DE CONGRESO/REUNIÓN

  • Nombre de congreso/reunión o jurisdicción como elemento de entrada: International Workshop on Soil, Water, and Nutrient Management Research
  • Sede del congreso/Lugar de la reunión: : Environmental and Productivity Dimensions (
  • Fecha del congreso/reunión: 1994
  • Sede del congreso/Lugar de la reunión: : Zschortau, Germany)